Responses for Show #6600 - Friday, May 3, 2013

Contestants

[<< previous game]

Jerald Lentini, an attorney from Silver Spring, Maryland

Mark Reeves, a graduate student of history from Bowling Green, Kentucky

John Anneken, a postdoctoral researcher from Cincinnati, Ohio (whose 2-day cash winnings total $32,911)

[next game >>]

Jeopardy! Round responses

NATIONAL HOLIDAYS
FILMMAKING
THE BIG "BOARD"
CALIFORNIA
NO ANIMALS WERE HARMED
(Alex: You have to name the animal that goes with the two items we present in each clue.)
SEEKING ASYLUM
    $200 7
St. Patrick

John
    $200 18
fade

Jerald
    $200 1
boardwalk

Mark
    $200 16
Berkeley

John
    $200 26
(Mark: What is horse?)

monkey

MarkJerald
    $200 6
Cuba

Mark
    $400 8
Bastille Day

Jerald
    $400 19
the boom

John
    $400 2
starboard

John
    $400 17
the Hollywood sign

Jerald
    $400 27
goose

Jerald
    $400 12
the shah

John
    $600 9
New Zealand

John
    $600 20
point of view

John
    $600 3
boarding school

Jerald
    $600 23
Pacific Coast Highway

John
    $600 28
horse

Triple Stumper
    $600 13
Uganda

Mark
    $800 10
Mussolini

John
    $800 21
focus

Triple Stumper
    $800 4
Chairman of the Board

Jerald
    $800 24
Alcatraz

Jerald
    $800 29
crocodile

Jerald
    $800 14
Baryshnikov

John
    $1000 11
Sweden

Mark
    $1000 22
cinema verité

Jerald
    $1,400 5
the Board of Education

Jerald
    $1000 25
the Southern Pacific

Triple Stumper
    $1000 30
tiger

Jerald
    $1000 15
London

Mark

Scores at the first commercial break (after clue 15):

John Mark Jerald
$3,200 $3,000 $3,200

Scores at the end of the Jeopardy! Round:

John Mark Jerald
$5,000 $2,800 $8,000

Double Jeopardy! Round responses

BRITISH LIT
INTERNET-BUSINESS.COM
14-LETTER WORDS
FAMOUS AMERICANS
COLORFUL SONGS
SEEKIN ASYLUMS
(Alex: In the first round, you were seeking asylym. Now you are [*].)
    $400 1
Kipling

Jerald
    $400 2
Netflix

John
    $400 29
(Jerald: What is acrophobia?)

claustrophobia

Jerald
Triple Stumper
    $400 8
Norman Rockwell

Jerald
    $400 17
Black

Jerald
    $400 14
Virginia

Jerald
    $800 4
(Mark: What is The Little Engine That Could?)

Thomas The Tank Engine

JohnMark
    $800 3
Overstock.com

Mark
    $800 9
reconnaissance

Mark
    $800 10
the CIA

Mark
    $800 18
Pink

John
    $800 15
the OED (Oxford English Dictionary)

Jerald
    $1200 5
T.E. Lawrence

Mark
    $1200 21
Amazon(.com)

John
    $1200 25
hypothetically

John
    $1200 11
John Deere

John
    $1200 19
White

John
    $1200 16
(John: What is The Island?)

Shutter Island

JohnMark
    $1600 6
The Long Distance Runner

Mark
    $1600 22
Zappos

Jerald
    $4,000 26
Mephistopheles

John
    $1600 12
(George M.) Cohan

Mark
    $1600 20
Blue Jean

Triple Stumper
    $1600 27
(John: Who is Lafayette?)

de Sade

JohnMark
    $2000 7
(Mark: Who is Anne Sewell?)
...
(Alex: And Mark realizes now that he changed her name. It's [*]--not Anne.)

Anna Sewell

Mark
Triple Stumper
    $2000 23
eHarmony

John
    $2000 30
(Alex: And that 14-letter word is [*].)

disinformation

Triple Stumper
    $2000 13
(Emma) Lazarus

Mark
    $2000 24
"The Angels Want To Wear My Red Shoes"

Triple Stumper
    $2,000 28
Prague

Mark

Scores at the end of the Double Jeopardy! Round:

John Mark Jerald
$15,000 $13,600 $11,600

[wagering suggestions for these scores]

Final Jeopardy! Round responses

SCIENCE
(Alex: [Revealing Jerald's response] Watson Crick--her husband was the Crick.)
JeraldWhat is DNA?
$11,000
MarkWhat is DNA?
$12,000
JohnWhat is DNA (double helix)?
$12,201
DNA

Final scores:

John Mark Jerald
$27,201 $25,600 $22,600
3-day champion: $60,112 2nd place: $2,000 3rd place: $1,000

Game dynamics:

Coryat scores:

John Mark Jerald
$12,600 $13,600 $11,200
19 R
(including 1 DD),
2 W
15 R
(including 1 DD),
3 W
18 R
(including 1 DD),
1 W

Combined Coryat: $37,400

[game clues] [game scores] [suggest correction]

Game tape date: 2013-01-08
The J! Archive is created by fans, for fans. Scraping, republication, monetization, and malicious use prohibited; this site may use cookies and collect identifying information. See terms. The Jeopardy! game show and all elements thereof, including but not limited to copyright and trademark thereto, are the property of Jeopardy Productions, Inc. and are protected under law. This website is not affiliated with, sponsored by, or operated by Jeopardy Productions, Inc. Join the discussion at JBoard.tv.